000 01078nam a22002057a 4500
003 OSt
005 20260402113444.0
008 260402b |||||||| |||| 00| 0 spad
082 _2997841889 x
100 _aCARRILLO ALFONSO
245 _aPRACTICAS DE QUIMICA GENERAL
250 _a2da edición
260 _aECUADOR
_bGRAFITEXT cia . Ltda
_c2001
300 _a21x14 cm
_b302 pag
490 _3tapa blanda
520 _ala Química general por su naturaleza científica trata sobre los principios y leyes fundamentales de los cuerpos . por ello , tiene una significación especial para quien la estudia asimilar los fundamentos teóricos indispensables y obviamente dominar todo lo que se refiere a las técnicas y procesos de experimentación diaria de esta ciencia y el practico porque el trabajar constantemente con substancias en transformación implica una perenne experimentación
650 _ainstrucciones generales - materiales y apartados de laboratorio
_xprimeros auxilios
_ytrabajo en tubo de vidrio
700 _aCARRILLO ALFONSO
942 _2ddc
_cBK
_n0
999 _c2038
_d2038